LIBRARY & INFORMATION CENTRE, KCAET, TAVANUR

ONLINE PUBLIC ACCESS CATALOGUE (OPAC)

Dobbo / (Record no. 2501)

MARC details
000 -LEADER
fixed length control field 00358cam a2200157ua 4500
041 ## - LANGUAGE CODE
Language code of text/sound track or separate title eng
082 ## - DEWEY DECIMAL CLASSIFICATION NUMBER
Classification number 823.301
Item number THO/DO
100 ## - MAIN ENTRY--AUTHOR NAME
Personal name Thorpe, E G .
245 ## - TITLE STATEMENT
Title Dobbo /
250 ## - EDITION STATEMENT
Edition statement 1 /
260 ## - PUBLICATION, DISTRIBUTION, ETC. (IMPRINT)
Place of publication Mumbai :
Name of publisher Orient-Longman Ltd ,
Year of publication 1966.
300 ## - PHYSICAL DESCRIPTION
Number of Pages 32.
942 ## - ADDED ENTRY ELEMENTS (KOHA)
Koha item type Books
Holdings
Withdrawn status Lost status Damaged status Home library Current library Date acquired Full call number Accession Number Koha item type
Withdrawn     KAUAET KAUAET 07/04/2012 823.301 12313 Books
free website counter